Vista normal
Vista MARC
Entrada Personal Name
Número de registros utilizados en: 1
001 - CONTROL NUMBER
- control field: 14026
003 - CONTROL NUMBER IDENTIFIER
- control field: DLC
005 - DATE AND TIME OF LATEST TRANSACTION
- control field: 20230330140608.0
008 - FIXED-LENGTH DATA ELEMENTS
- fixed length control field: 870504n| azannaabn |a aaa c
010 ## - LIBRARY OF CONGRESS CONTROL NUMBER
- LC control number: n 85141493
- Canceled/invalid LC control number: n 85157967
035 ## - SYSTEM CONTROL NUMBER
- System control number: (OCoLC)oca01846650
040 ## - CATALOGING SOURCE
- Original cataloging agency: WU
- Language of cataloging: spa
- Description conventions: rda
- Transcribing agency: DLC
- Modifying agency: DLC
- Modifying agency: NIC
- Modifying agency: MX-MrUMS
- Modifying agency: IEN
- Modifying agency: Mx-PuUPA
046 ## - SPECIAL CODED DATES
- Birth date: 1941
100 1# - HEADING--PERSONAL NAME
- Personal name: Soto, Hernando de,
- Dates associated with a name: 1941-
370 ## - ASSOCIATED PLACE
- Place of birth: Peru
- Source of term: naf
372 ## - FIELD OF ACTIVITY
- Field of activity: Economics
- Source of term: lcsh
373 ## - ASSOCIATED GROUP
- Associated group: Instituto Libertad y Democracia (Lima, Peru)
- Source of term: naf
374 ## - OCCUPATION
- Occupation: Executives
- Source of term: lcsh
375 ## - GENDER
- Gender: mujer
377 ## - ASSOCIATED LANGUAGE
- Language code: eng
400 0# - SEE FROM TRACING--PERSONAL NAME
- Personal name: ʻŒ̄nāndō Dœ̄ Sōtō,
- Dates associated with a name: 1941-
400 1# - SEE FROM TRACING--PERSONAL NAME
- Personal name: De Soto, Hernando,
- Dates associated with a name: 1941-
670 ## - SOURCE DATA FOUND
- Source citation: His El otro sendero, 1986:
- Information found: t.p. (Hernando de Soto) p. 4 of cover (b. Arequipa, 1941; empresario peruano; economista)
670 ## - SOURCE DATA FOUND
- Source citation: Pērū bon senthāng sētthakit nǭk rabop, 1999:
- Information found: t.p. (ʻŒ̄nāndō Dœ̄ Sōtō)
670 ## - SOURCE DATA FOUND
- Source citation: América Latina XXI: ¿avanzará o retrocederá la pobreza?, 2002:
- Information found: title page (Hernando De Soto) page 312 (Hernando De Soto. Peruano. Fundador y presidente del Instituto de Libertad y Democracia [ILD], en Lima, Perú. Actualmentre trabaja con el ILD en Asia, en Oriente Medio y en América Latina en la instrumentación de medidas para integrar a los pobres a la economía formal. Su libro. The Other Path, ha sido publicado en más de diez idiomas; es un best seller en América Latina)